[Event "6. Torneo Distrito Chamartin 2017"]
[Site "Madrid ESP"]
[Date "2017.09.09"]
[Round "8.5"]
[White "Gomez Peco, Pablo"]
[Black "Delgado Alarcon, Jesus Francisco"]
[Result "1/2-1/2"]
[WhiteElo "2192"]
[BlackElo "2094"]
[PlyCount "61"]
[EventDate "2017.09.04"]
[EventType "swiss"]
[EventRounds "9"]
[EventCountry "ESP"]
[SourceTitle "Ajedrez en Madrid"]
[Source "lmi"]
[SourceDate "2017.09.04"]
[SourceVersion "1"]
[SourceVersionDate "2018.03.05"]
[SourceQuality "1"]

1. d4 f5 2. g3 d5 3. Bg2 Nf6 4. c4 c6 5. Nf3 e6 6. O-O Bd6 7. Qc2 O-O 8. Nc3 a6
9. b3 Nbd7 10. cxd5 cxd5 11. Bf4 Bxf4 12. gxf4 Ne4 13. e3 Ndf6 14. Ne5 Bd7 15.
Nxe4 fxe4 16. Rfc1 Rc8 17. Qd2 Qe7 18. Qa5 Qd6 19. a3 h6 20. Ng6 Rfe8 21. Qb4
Qxb4 22. axb4 Kf7 23. Ne5+ Ke7 24. Rc5 Rxc5 25. bxc5 Bb5 26. Bf1 Bxf1 27. Kxf1
Nd7 28. Ra4 Nxe5 29. fxe5 Kf7 30. Rb4 b5 31. cxb6 1/2-1/2

[Event "6. Torneo Distrito Chamartin 2017"]
[Site "Madrid ESP"]
[Date "2017.09.09"]
[Round "8.6"]
[White "Yingrui, Lin"]
[Black "Rottenwohrer Suarez, Juan"]
[Result "0-1"]
[WhiteElo "2031"]
[BlackElo "2180"]
[PlyCount "66"]
[EventDate "2017.09.04"]
[EventType "swiss"]
[EventRounds "9"]
[EventCountry "ESP"]
[SourceTitle "Ajedrez en Madrid"]
[Source "lmi"]
[SourceDate "2017.09.04"]
[SourceVersion "1"]
[SourceVersionDate "2018.03.05"]
[SourceQuality "1"]

1. e4 g6 2. Nf3 Bg7 3. g3 c5 4. Bg2 Nc6 5. O-O Nf6 6. d3 O-O 7. Nc3 d6 8. h3
Rb8 9. Be3 e5 10. Nh2 b5 11. b3 Be6 12. f4 exf4 13. gxf4 Nh5 14. e5 Nd4 15. Ng4
Nf5 16. Ne4 dxe5 17. Bxc5 exf4 18. Bxf8 Bd4+ 19. Kh2 Kxf8 20. c3 Bb6 21. d4 b4
22. Nc5 bxc3 23. Nxe6+ fxe6 24. Qe1 Bxd4 25. Qxe6 f3 26. Rae1 Qc7+ 27. Ne5 Re8
28. Qd5 Rxe5 29. Rxe5 Qxe5+ 30. Qxe5 Bxe5+ 31. Kg1 fxg2 32. Kxg2 c2 33. Rc1 Bb2
0-1

[Event "6. Torneo Distrito Chamartin 2017"]
[Site "Madrid ESP"]
[Date "2017.09.09"]
[Round "8.7"]
[White "Martinez Fernandez, Raul"]
[Black "Gomez Ferrer, Jesus"]
[Result "1-0"]
[WhiteElo "2180"]
[BlackElo "2035"]
[PlyCount "25"]
[EventDate "2017.09.04"]
[EventType "swiss"]
[EventRounds "9"]
[EventCountry "ESP"]
[SourceTitle "Ajedrez en Madrid"]
[Source "lmi"]
[SourceDate "2017.09.04"]
[SourceVersion "1"]
[SourceVersionDate "2018.03.05"]
[SourceQuality "1"]

1. e4 e5 2. f4 Bc5 3. Nf3 d6 4. c3 f5 5. exf5 exf4 6. d4 Bb6 7. Bd3 Nh6 8. Bxf4
Nxf5 9. Bg5 Qd7 10. O-O O-O 11. Nh4 Nxh4 12. Bxh7+ Kxh7 13. Rxf8 1-0

[Event "6. Torneo Distrito Chamartin 2017"]
[Site "Madrid ESP"]
[Date "2017.09.09"]
[Round "8.8"]
[White "Solaesa Navalpotro, Luis Julio"]
[Black "Santamaria Baeza, Adolfo"]
[Result "1-0"]
[WhiteElo "2272"]
[BlackElo "1796"]
[PlyCount "99"]
[EventDate "2017.09.04"]
[EventType "swiss"]
[EventRounds "9"]
[EventCountry "ESP"]
[SourceTitle "Ajedrez en Madrid"]
[Source "lmi"]
[SourceDate "2017.09.04"]
[SourceVersion "1"]
[SourceVersionDate "2018.03.05"]
[SourceQuality "1"]

1. d4 Nf6 2. Nf3 e6 3. g3 b6 4. Bg2 Bb7 5. O-O d6 6. c4 Nbd7 7. Nc3 Rb8 8. Qc2
Be7 9. e4 e5 10. dxe5 dxe5 11. Rd1 Bd6 12. Nh4 O-O 13. Nf5 Bc5 14. Bg5 Qe8 15.
Nb5 c6 16. Nbd6 Bxd6 17. Rxd6 c5 18. Qe2 Rc8 19. Bxf6 Nxf6 20. Rxf6 Rd8 21. Nd6
Qe7 22. Nxb7 Qxb7 23. Rf3 Rd4 24. Rd3 Rfd8 25. Rad1 Qa6 26. b3 h6 27. Rxd4 cxd4
28. Qb2 Qa5 29. b4 Qa4 30. Qb3 Qc6 31. f3 Rc8 32. Bf1 a5 33. bxa5 bxa5 34. Qb5
Qf6 35. Kg2 Qd6 36. Qxa5 Rb8 37. Qd2 Qa3 38. Rc1 d3 39. Bxd3 Rb2 40. Rc2 Rb1
41. c5 Qa7 42. Bc4 Kh7 43. Bb3 Qa6 44. Qe2 Qa5 45. c6 Qb6 46. Qf2 Qc7 47. Bxf7
Rd1 48. Bb3 Rd4 49. Rd2 Rb4 50. Qc5 1-0

[Event "6. Torneo Distrito Chamartin 2017"]
[Site "Madrid ESP"]
[Date "2017.09.09"]
[Round "8.9"]
[White "Gonzalez Aguirre, Luis"]
[Black "Zhou, Lulu"]
[Result "1-0"]
[WhiteElo "2105"]
[BlackElo "1928"]
[PlyCount "89"]
[EventDate "2017.09.04"]
[EventType "swiss"]
[EventRounds "9"]
[EventCountry "ESP"]
[SourceTitle "Ajedrez en Madrid"]
[Source "lmi"]
[SourceDate "2017.09.04"]
[SourceVersion "1"]
[SourceVersionDate "2018.03.05"]
[SourceQuality "1"]

1. Nf3 Nf6 2. d4 d5 3. c4 e6 4. g3 c6 5. Qc2 Bd6 6. Bg2 O-O 7. O-O Nbd7 8. Nbd2
Qe7 9. b3 e5 10. cxd5 e4 11. Nh4 cxd5 12. Nf5 Qe6 13. Nxd6 Qxd6 14. Nb1 Qc6 15.
Nc3 b5 16. Ba3 Re8 17. Rfc1 Ba6 18. Nxe4 Qb6 19. Nxf6+ Nxf6 20. Bc5 Qe6 21. e3
Ne4 22. Bb4 Rac8 23. Qb2 Bb7 24. Rxc8 Rxc8 25. Rc1 h6 26. Rxc8+ Qxc8 27. f3 Nf6
28. Qc3 Qxc3 29. Bxc3 Kf8 30. Kf2 g6 31. Ke2 Ke8 32. Kd3 a6 33. Bb4 Nd7 34. e4
Nf6 35. e5 Ng8 36. Bh3 Ne7 37. Bxe7 Kxe7 38. b4 Kd8 39. f4 Bc8 40. Bxc8 Kxc8
41. f5 Kd7 42. fxg6 fxg6 43. Ke3 Ke7 44. Kf4 Ke6 45. h4 1-0

[Event "6. Torneo Distrito Chamartin 2017"]
[Site "Madrid ESP"]
[Date "2017.09.09"]
[Round "8.10"]
[White "Porras Fernandez, Alberto"]
[Black "Aziz Ortego, Omar Luis"]
[Result "1-0"]
[WhiteElo "1959"]
[BlackElo "2069"]
[PlyCount "63"]
[EventDate "2017.09.04"]
[EventType "swiss"]
[EventRounds "9"]
[EventCountry "ESP"]
[SourceTitle "Ajedrez en Madrid"]
[Source "lmi"]
[SourceDate "2017.09.04"]
[SourceVersion "1"]
[SourceVersionDate "2018.03.05"]
[SourceQuality "1"]

1. e4 c5 2. Nf3 a6 3. d4 cxd4 4. Nxd4 d6 5. Nc3 Nf6 6. f3 b5 7. a3 Bb7 8. Be3
Nbd7 9. Bd3 e5 10. Nf5 g6 11. Ng3 h5 12. Qd2 Be7 13. O-O-O Rc8 14. Kb1 O-O 15.
h4 Nc5 16. Bg5 Ne6 17. Bh6 Re8 18. Nge2 d5 19. exd5 Nxd5 20. Nxd5 Qxd5 21. Qe1
Qc5 22. Nc3 f5 23. Be3 Qc7 24. Qf2 Bxa3 25. Nxb5 axb5 26. bxa3 Qa5 27. Bc1 Nc5
28. Qg3 Kh7 29. Qg5 Re6 30. Bxf5 gxf5 31. Qxf5+ Rg6 32. Rd6 1-0

[Event "6. Torneo Distrito Chamartin 2017"]
[Site "Madrid ESP"]
[Date "2017.09.09"]
[Round "8.11"]
[White "Lopez de Turiso, Jose Angel"]
[Black "Garcia Villalba, Daniel"]
[Result "1/2-1/2"]
[WhiteElo "2050"]
[BlackElo "1827"]
[PlyCount "40"]
[EventDate "2017.09.04"]
[EventType "swiss"]
[EventRounds "9"]
[EventCountry "ESP"]
[SourceTitle "Ajedrez en Madrid"]
[Source "lmi"]
[SourceDate "2017.09.04"]
[SourceVersion "1"]
[SourceVersionDate "2018.03.05"]
[SourceQuality "1"]

1. e4 e5 2. f4 exf4 3. Bc4 Ne7 4. Nf3 d5 5. exd5 Nxd5 6. O-O Be7 7. d4 O-O 8.
Bxd5 Qxd5 9. Bxf4 c5 10. Nc3 Qc4 11. Qe2 Qxe2 12. Nxe2 cxd4 13. Nexd4 Bd7 14.
Rad1 Nc6 15. h3 Bc5 16. Kh2 Nxd4 17. Nxd4 Bxd4 18. Rxd4 Bc6 19. Rfd1 Rfe8 20.
c4 Re2 1/2-1/2

[Event "6. Torneo Distrito Chamartin 2017"]
[Site "Madrid ESP"]
[Date "2017.09.09"]
[Round "8.12"]
[White "Garcia Galeote, Lorenzo"]
[Black "Ruiz Bellon, Manuel"]
[Result "1/2-1/2"]
[WhiteElo "1989"]
[BlackElo "1916"]
[PlyCount "33"]
[EventDate "2017.09.04"]
[EventType "swiss"]
[EventRounds "9"]
[EventCountry "ESP"]
[SourceTitle "Ajedrez en Madrid"]
[Source "lmi"]
[SourceDate "2017.09.04"]
[SourceVersion "1"]
[SourceVersionDate "2018.03.05"]
[SourceQuality "1"]

1. e4 e6 2. d4 d5 3. exd5 exd5 4. Bd3 Bd6 5. Ne2 Ne7 6. Bf4 O-O 7. O-O c6 8. c3
Bf5 9. Bxd6 Qxd6 10. Ng3 Bxd3 11. Qxd3 Nd7 12. Nd2 Rae8 13. Rfe1 Nf6 14. Nf5
Nxf5 15. Qxf5 Qd7 16. Qxd7 Nxd7 17. Kf1 1/2-1/2

[Event "6. Torneo Distrito Chamartin 2017"]
[Site "Madrid ESP"]
[Date "2017.09.09"]
[Round "8.13"]
[White "Picazo Sancho, Alvaro"]
[Black "Mkrtchyan, Levon"]
[Result "0-1"]
[WhiteElo "1772"]
[BlackElo "1964"]
[PlyCount "98"]
[EventDate "2017.09.04"]
[EventType "swiss"]
[EventRounds "9"]
[EventCountry "ESP"]
[SourceTitle "Ajedrez en Madrid"]
[Source "lmi"]
[SourceDate "2017.09.04"]
[SourceVersion "1"]
[SourceVersionDate "2018.03.05"]
[SourceQuality "1"]

1. e4 e6 2. d4 d5 3. e5 c5 4. c3 Nc6 5. Nf3 Nh6 6. a3 Nf5 7. b4 cxd4 8. cxd4
Bd7 9. Bb2 b5 10. Bxb5 Nxe5 11. Nxe5 Bxb5 12. Nc3 Bd7 13. g4 Nd6 14. Qe2 Be7
15. O-O O-O 16. Rfe1 Bf6 17. Nxd7 Qxd7 18. Nd1 Rfc8 19. Ne3 Bg5 20. Rf1 Bxe3
21. fxe3 Rc7 22. Rac1 Rac8 23. Rc5 Ne4 24. Rxc7 Rxc7 25. Rc1 Rxc1+ 26. Bxc1 Qc7
27. Bb2 Qc4 28. Qxc4 dxc4 29. Kf1 Kf8 30. Ke2 Ke7 31. Kf3 f5 32. gxf5 exf5 33.
Kf4 c3 34. Bxc3 Nxc3 35. Kxf5 Kd6 36. h4 Nb5 37. a4 Nc3 38. a5 Nd5 39. e4 Nxb4
40. d5 a6 41. Kf4 Nd3+ 42. Ke3 Ne5 43. Kd4 Nf3+ 44. Kc4 g6 45. h5 gxh5 46. Kd3
Ne5+ 47. Ke3 Nc4+ 48. Kf4 Nxa5 49. Kf5 Nc4 0-1

[Event "6. Torneo Distrito Chamartin 2017"]
[Site "Madrid ESP"]
[Date "2017.09.09"]
[Round "8.14"]
[White "Villar Reymundo, Juan Antonio"]
[Black "Barragan Arriaza, Pablo"]
[Result "1-0"]
[WhiteElo "2204"]
[BlackElo "1908"]
[PlyCount "61"]
[EventDate "2017.09.04"]
[EventType "swiss"]
[EventRounds "9"]
[EventCountry "ESP"]
[SourceTitle "Ajedrez en Madrid"]
[Source "lmi"]
[SourceDate "2017.09.04"]
[SourceVersion "1"]
[SourceVersionDate "2018.03.05"]
[SourceQuality "1"]

1. d4 d5 2. c4 c6 3. Nf3 Nf6 4. e3 e6 5. b3 Nbd7 6. Bd3 Bd6 7. Bb2 b6 8. Nbd2
Bb7 9. O-O O-O 10. Ne5 c5 11. Qc2 Bxe5 12. dxe5 Ng4 13. cxd5 Bxd5 14. e4 Bc6
15. Nf3 Qc7 16. Qc3 b5 17. Rad1 b4 18. Qc1 Ndxe5 19. Nxe5 Nxe5 20. Qxc5 Nxd3
21. Rxd3 Qb7 22. Bxg7 Bxe4 23. Rg3 Bg6 24. Bxf8 Rxf8 25. h4 Rc8 26. Qg5 Kf8 27.
Re1 Qc7 28. h5 Bf5 29. Qf6 Re8 30. h6 Rc8 31. Rg8+ 1-0

[Event "6. Torneo Distrito Chamartin 2017"]
[Site "Madrid ESP"]
[Date "2017.09.09"]
[Round "8.15"]
[White "Bustos Bernardo, Samuel"]
[Black "Viñas Lopez, Carlos"]
[Result "1-0"]
[WhiteElo "2096"]
[BlackElo "1894"]
[PlyCount "73"]
[EventDate "2017.09.04"]
[EventType "swiss"]
[EventRounds "9"]
[EventCountry "ESP"]
[SourceTitle "Ajedrez en Madrid"]
[Source "lmi"]
[SourceDate "2017.09.04"]
[SourceVersion "1"]
[SourceVersionDate "2018.03.05"]
[SourceQuality "1"]

1. Nf3 c5 2. c4 g6 3. d4 cxd4 4. Nxd4 Bg7 5. e4 Nc6 6. Be3 d6 7. Nc3 Nf6 8. Be2
O-O 9. O-O Bd7 10. Qd2 Rc8 11. f3 b6 12. Rac1 Nxd4 13. Bxd4 Bc6 14. Rfd1 Qd7
15. Be3 Rfd8 16. Qe1 Qb7 17. Qf1 Qb8 18. b4 Nd7 19. Qf2 Bb7 20. a4 a5 21. Bxb6
Nxb6 22. Qxb6 axb4 23. Qxb4 Qa7+ 24. Kh1 Rb8 25. Nb5 Qe3 26. Bd3 Be5 27. Qe1
Qf4 28. Qg1 Ra8 29. Bc2 Rdc8 30. Bb3 Rc5 31. Nc3 e6 32. Ne2 Qh6 33. g3 f5 34.
Qf1 Qe3 35. Rb1 g5 36. Bc2 Bc6 37. Rb3 1-0

[Event "6. Torneo Distrito Chamartin 2017"]
[Site "Madrid ESP"]
[Date "2017.09.09"]
[Round "8.16"]
[White "Lizon Martinez, Santiago"]
[Black "Cabañas Bravo, Juan Andres"]
[Result "1/2-1/2"]
[WhiteElo "1750"]
[BlackElo "2009"]
[PlyCount "65"]
[EventDate "2017.09.04"]
[EventType "swiss"]
[EventRounds "9"]
[EventCountry "ESP"]
[SourceTitle "Ajedrez en Madrid"]
[Source "lmi"]
[SourceDate "2017.09.04"]
[SourceVersion "1"]
[SourceVersionDate "2018.03.05"]
[SourceQuality "1"]

1. e4 d5 2. exd5 Nf6 3. Bb5+ Bd7 4. Bc4 Bg4 5. f3 Bf5 6. Nc3 Nbd7 7. Nge2 Nb6
8. Bb3 Nfxd5 9. d4 e6 10. O-O Qh4 11. Qe1 Qf6 12. Ne4 Qe7 13. N2g3 Bg6 14. c4
Nb4 15. Qc3 O-O-O 16. Rd1 h5 17. h4 f6 18. a3 Nc6 19. Be3 Qe8 20. d5 Ne5 21.
dxe6 Kb8 22. c5 Nc8 23. Rxd8 Qxd8 24. Rd1 Qe8 25. Qd4 Be7 26. Ba4 Qg8 27. Bd7
Qh7 28. Nd6 Bc2 29. Rd2 Qg6 30. Kf2 Nd3+ 31. Rxd3 Qxd3 32. Qxd3 Bxd3 33. Nxc8
1/2-1/2

[Event "6. Torneo Distrito Chamartin 2017"]
[Site "Madrid ESP"]
[Date "2017.09.09"]
[Round "8.17"]
[White "Garcia Serrano, Jose Manuel"]
[Black "Lozano Freras, Sergio"]
[Result "1-0"]
[WhiteElo "1843"]
[BlackElo "1969"]
[PlyCount "79"]
[EventDate "2017.09.04"]
[EventType "swiss"]
[EventRounds "9"]
[EventCountry "ESP"]
[SourceTitle "Ajedrez en Madrid"]
[Source "lmi"]
[SourceDate "2017.09.04"]
[SourceVersion "1"]
[SourceVersionDate "2018.03.05"]
[SourceQuality "1"]

1. e4 d6 2. d4 Nf6 3. Nc3 e5 4. f4 exd4 5. Qxd4 Nc6 6. Qf2 d5 7. exd5 Nxd5 8.
Bd2 Nxc3 9. Bxc3 Bb4 10. Qe3+ Qe7 11. Qxe7+ Kxe7 12. Bxb4+ Nxb4 13. Bd3 Nxd3+
14. cxd3 Bf5 15. Nf3 Rhd8 16. d4 Be4 17. Ng5 Rxd4 18. O-O h6 19. Nh3 Kf8 20.
Rae1 Bd5 21. f5 Rd2 22. Nf4 Bc6 23. Rf2 Rad8 24. Ne6+ fxe6 25. fxe6+ Rxf2 26.
e7+ Ke8 27. exd8=Q+ Kxd8 28. Kxf2 Bd5 29. a3 Kd7 30. Re3 c5 31. Rg3 g5 32. Rh3
b5 33. Rxh6 a5 34. Rg6 b4 35. Rxg5 Kc6 36. axb4 cxb4 37. Ke3 a4 38. Kd4 a3 39.
bxa3 b3 40. Kc3 1-0

[Event "6. Torneo Distrito Chamartin 2017"]
[Site "Madrid ESP"]
[Date "2017.09.09"]
[Round "8.18"]
[White "Alcoz Coll, Gonzalo"]
[Black "Tarrio Ocaña, Jose Manuel"]
[Result "1-0"]
[WhiteElo "1960"]
[BlackElo "1869"]
[PlyCount "55"]
[EventDate "2017.09.04"]
[EventType "swiss"]
[EventRounds "9"]
[EventCountry "ESP"]
[SourceTitle "Ajedrez en Madrid"]
[Source "lmi"]
[SourceDate "2017.09.04"]
[SourceVersion "1"]
[SourceVersionDate "2018.03.05"]
[SourceQuality "1"]

1. e4 e6 2. d4 d5 3. exd5 exd5 4. c4 Nf6 5. Nc3 Be7 6. Nf3 Be6 7. cxd5 Nxd5 8.
a3 a6 9. h3 Nxc3 10. bxc3 c5 11. Bd3 Nc6 12. O-O cxd4 13. cxd4 O-O 14. Re1 Bf6
15. Be3 Qd7 16. Qc2 h6 17. Rad1 Bd5 18. Ne5 Qd8 19. Qd2 Bxe5 20. dxe5 Qh4 21.
Bb1 Be6 22. Qc2 g6 23. Bc5 Rfd8 24. Rd6 Qg5 25. f4 Qxf4 26. Rxe6 Rd2 27. Rxg6+
Kh8 28. Rg8+ 1-0

[Event "6. Torneo Distrito Chamartin 2017"]
[Site "Madrid ESP"]
[Date "2017.09.09"]
[Round "8.19"]
[White "Siu Burillo, Joaquin"]
[Black "Anton Quevedo, Andrea"]
[Result "0-1"]
[WhiteElo "1542"]
[BlackElo "1954"]
[PlyCount "52"]
[EventDate "2017.09.04"]
[EventType "swiss"]
[EventRounds "9"]
[EventCountry "ESP"]
[SourceTitle "Ajedrez en Madrid"]
[Source "lmi"]
[SourceDate "2017.09.04"]
[SourceVersion "1"]
[SourceVersionDate "2018.03.05"]
[SourceQuality "1"]

1. d4 Nf6 2. Bf4 e6 3. e3 c5 4. c3 Be7 5. h3 O-O 6. Nf3 b6 7. Bd3 Bb7 8. Nbd2
cxd4 9. exd4 d6 10. Qe2 Nbd7 11. Nc4 Qc7 12. O-O Rfe8 13. Rfe1 Rac8 14. Rac1
Bd5 15. b3 Qc6 16. Ncd2 e5 17. Bh2 Bf8 18. Ne4 Bxe4 19. Bxe4 d5 20. Nxe5 Nxe5
21. dxe5 Nxe4 22. c4 Nc5 23. Red1 dxc4 24. Qxc4 Qe6 25. Qb5 a5 26. Qe2 f6 0-1

[Event "6. Torneo Distrito Chamartin 2017"]
[Site "Madrid ESP"]
[Date "2017.09.09"]
[Round "8.20"]
[White "Cardena Contreras, Javier"]
[Black "Fernandez Aransay, Fernando"]
[Result "1-0"]
[WhiteElo "1925"]
[BlackElo "1844"]
[PlyCount "39"]
[EventDate "2017.09.04"]
[EventType "swiss"]
[EventRounds "9"]
[EventCountry "ESP"]
[SourceTitle "Ajedrez en Madrid"]
[Source "lmi"]
[SourceDate "2017.09.04"]
[SourceVersion "1"]
[SourceVersionDate "2018.03.05"]
[SourceQuality "1"]

1. e4 c5 2. Nf3 d6 3. d4 cxd4 4. Nxd4 Nf6 5. Nc3 g6 6. Be3 Bg7 7. f3 O-O 8. Qd2
Nc6 9. g4 Nxd4 10. Bxd4 Be6 11. O-O-O a6 12. h4 h5 13. Nd5 hxg4 14. h5 Nxh5 15.
Bxg7 Nxg7 16. Qh6 f5 17. Qxg6 Bxd5 18. Rh7 Rf7 19. Bd3 e6 20. Rdh1 1-0

[Event "6. Torneo Distrito Chamartin 2017"]
[Site "Madrid ESP"]
[Date "2017.09.09"]
[Round "8.21"]
[White "Blesa Fernandez, Francisco"]
[Black "Callejo Hernanz, Jesus Maria"]
[Result "1-0"]
[WhiteElo "2010"]
[BlackElo "1820"]
[PlyCount "79"]
[EventDate "2017.09.04"]
[EventType "swiss"]
[EventRounds "9"]
[EventCountry "ESP"]
[SourceTitle "Ajedrez en Madrid"]
[Source "lmi"]
[SourceDate "2017.09.04"]
[SourceVersion "1"]
[SourceVersionDate "2018.03.05"]
[SourceQuality "1"]

1. d4 Nf6 2. c4 c5 3. d5 b5 4. f3 d6 5. e4 g6 6. cxb5 a6 7. Nc3 Bg7 8. Bc4 O-O
9. Nge2 Nbd7 10. bxa6 Bxa6 11. Bxa6 Rxa6 12. O-O Qa8 13. Rb1 Rb8 14. Be3 Nb6
15. b3 Nbd7 16. Qc2 Ne8 17. f4 Nc7 18. Rfd1 Nf6 19. h3 Rb4 20. Rd2 e6 21. dxe6
fxe6 22. Ng3 Nb5 23. Nxb5 Rxb5 24. Qc4 Qe8 25. a4 Rbb6 26. Rbd1 Qc8 27. f5 Rb4
28. Qc2 exf5 29. Rxd6 Rxd6 30. Rxd6 Nxe4 31. Nxe4 Rxe4 32. Qxc5 Qxc5 33. Bxc5
Be5 34. Rd1 Bg3 35. a5 Re2 36. a6 Ra2 37. a7 f4 38. Rd8+ Kf7 39. a8=Q Rc2 40.
Qd5+ 1-0

[Event "6. Torneo Distrito Chamartin 2017"]
[Site "Madrid ESP"]
[Date "2017.09.09"]
[Round "8.22"]
[White "Perez Cameselle, Francisco Jose"]
[Black "Lobato Lavin, Alvaro"]
[Result "0-1"]
[WhiteElo "1789"]
[BlackElo "1937"]
[PlyCount "86"]
[EventDate "2017.09.04"]
[EventType "swiss"]
[EventRounds "9"]
[EventCountry "ESP"]
[SourceTitle "Ajedrez en Madrid"]
[Source "lmi"]
[SourceDate "2017.09.04"]
[SourceVersion "1"]
[SourceVersionDate "2018.03.05"]
[SourceQuality "1"]

1. d4 Nf6 2. c4 c5 3. d5 e6 4. Nc3 exd5 5. cxd5 d6 6. g3 g6 7. Bg2 Bg7 8. Nf3
O-O 9. O-O a6 10. a4 Nbd7 11. Bf4 Qc7 12. Nd2 Nh5 13. Be3 Ne5 14. Nf3 Qe7 15.
Nxe5 Bxe5 16. Bd2 f5 17. Bf3 f4 18. Qc1 Bh3 19. Re1 Rf7 20. Ne4 Bf5 21. Nc3
fxg3 22. hxg3 Raf8 23. Bg5 Bf6 24. Bh6 Ng7 25. Bg2 Re8 26. e4 Bd7 27. Qc2 g5
28. Bxg7 Kxg7 29. Ne2 Ref8 30. f3 b5 31. axb5 Bxb5 32. Nc3 Bd4+ 33. Kh2 Qf6 34.
Bh3 Qxf3 35. Nxb5 Qf2+ 36. Qxf2 Rxf2+ 37. Kh1 axb5 38. Ra7+ R8f7 39. Rxf7+ Kxf7
40. Rf1 Rxf1+ 41. Bxf1 c4 42. b3 c3 43. Bxb5 c2 0-1

[Event "6. Torneo Distrito Chamartin 2017"]
[Site "Madrid ESP"]
[Date "2017.09.09"]
[Round "8.23"]
[White "Alonso Abad, Enrique"]
[Black "Martinez Aragon, Aitor"]
[Result "1-0"]
[WhiteElo "1923"]
[BlackElo "1702"]
[PlyCount "47"]
[EventDate "2017.09.04"]
[EventType "swiss"]
[EventRounds "9"]
[EventCountry "ESP"]
[SourceTitle "Ajedrez en Madrid"]
[Source "lmi"]
[SourceDate "2017.09.04"]
[SourceVersion "1"]
[SourceVersionDate "2018.03.05"]
[SourceQuality "1"]

1. d4 Nf6 2. Nf3 d5 3. c3 e6 4. Bf4 Be7 5. e3 Nbd7 6. Nbd2 O-O 7. Bd3 b6 8. Ne5
Bb7 9. O-O c5 10. c4 dxc4 11. Nexc4 Nd5 12. Bg3 N7f6 13. a3 cxd4 14. exd4 b5
15. Ne3 Nxe3 16. fxe3 Qd5 17. Qe2 a6 18. Be5 Rac8 19. Rf4 Bd6 20. e4 Qc6 21.
Bxd6 Qxd6 22. e5 Qc7 23. Rh4 g5 24. exf6 1-0

[Event "6. Torneo Distrito Chamartin 2017"]
[Site "Madrid ESP"]
[Date "2017.09.09"]
[Round "8.24"]
[White "Perez Gonzalez, Daniel"]
[Black "Serrera Sanchez Romo, Sergio"]
[Result "1-0"]
[WhiteElo "1894"]
[BlackElo "1684"]
[PlyCount "91"]
[EventDate "2017.09.04"]
[EventType "swiss"]
[EventRounds "9"]
[EventCountry "ESP"]
[SourceTitle "Ajedrez en Madrid"]
[Source "lmi"]
[SourceDate "2017.09.04"]
[SourceVersion "1"]
[SourceVersionDate "2018.03.05"]
[SourceQuality "1"]

1. e4 c5 2. Nf3 d6 3. d4 cxd4 4. Nxd4 Nf6 5. Nc3 a6 6. Be3 e6 7. Be2 Be7 8. O-O
Qc7 9. a4 Nc6 10. Nb3 b6 11. f4 O-O 12. Qe1 Bb7 13. Qg3 Rfd8 14. Qf2 Nd7 15.
Bf3 Nc5 16. Nxc5 dxc5 17. f5 Nd4 18. fxe6 fxe6 19. Bg4 Rf8 20. Qd2 Rad8 21.
Rxf8+ Bxf8 22. Bxd4 Rxd4 23. Bxe6+ Kh8 24. Qf2 Rd8 25. Re1 Bd6 26. Qh4 Be7 27.
Qh5 g6 28. Qh3 Bf6 29. Rf1 Qe7 30. e5 Bg7 31. Rf7 Qg5 32. Rxb7 Qc1+ 33. Kf2
Qf4+ 34. Qf3 Qxe5 35. Re7 Rf8 36. Rf7 Rd8 37. Bd5 Qd4+ 38. Kf1 Re8 39. Qf4
Qxf4+ 40. Rxf4 Bd4 41. g3 Bxc3 42. bxc3 Rd8 43. Bc4 Rd2 44. Rf2 Rxf2+ 45. Kxf2
Kg7 46. Bxa6 1-0

[Event "6. Torneo Distrito Chamartin 2017"]
[Site "Madrid ESP"]
[Date "2017.09.09"]
[Round "8.25"]
[White "Clavero Alarcon, Jose Miguel"]
[Black "Marcos Herrero, Francisco"]
[Result "0-1"]
[WhiteElo "1824"]
[BlackElo "1872"]
[PlyCount "152"]
[EventDate "2017.09.04"]
[EventType "swiss"]
[EventRounds "9"]
[EventCountry "ESP"]
[SourceTitle "Ajedrez en Madrid"]
[Source "lmi"]
[SourceDate "2017.09.04"]
[SourceVersion "1"]
[SourceVersionDate "2018.03.05"]
[SourceQuality "1"]

1. e4 c5 2. Nf3 Nc6 3. d4 cxd4 4. Nxd4 g6 5. c4 Nf6 6. Nc3 Bg7 7. Be3 d6 8. Be2
O-O 9. O-O Bd7 10. f3 Nxd4 11. Bxd4 a5 12. Qd2 Bc6 13. Qe3 Nd7 14. Bxg7 Kxg7
15. Nd5 Bxd5 16. exd5 Qb6 17. Qxb6 Nxb6 18. f4 Nd7 19. Bg4 f5 20. Bf3 Nc5 21.
Rad1 Rad8 22. Rfe1 Kf6 23. Re3 Rb8 24. Rde1 Rfe8 25. Be2 e5 26. dxe6 Rxe6 27.
Bf3 b5 28. cxb5 Rxb5 29. b3 Rxe3 30. Rxe3 Rb4 31. Bc6 Rxf4 32. Re8 Rd4 33. Rd8
Rd1+ 34. Kf2 Rd2+ 35. Kf1 Rxa2 36. b4 Nd3 37. b5 Rf2+ 38. Kg1 Rc2 39. h3 Ne5
40. Bd5 Rc5 41. b6 Rxd5 42. b7 Nc6 43. Rc8 Rb5 44. Rxc6 Rxb7 45. Rxd6+ Ke5 46.
Ra6 Rb5 47. Kf2 f4 48. Kf3 Kf5 49. Ra8 Rb3+ 50. Kf2 Ra3 51. Rf8+ Kg5 52. Ra8 h5
53. Ra6 Kf5 54. Ra8 Ke4 55. Re8+ Kf5 56. Rf8+ Kg5 57. Ra8 Kh4 58. Ra6 g5 59.
Ra8 g4 60. hxg4 hxg4 61. Rh8+ Kg5 62. Rg8+ Kf5 63. Rf8+ Ke4 64. Re8+ Kd3 65.
Rd8+ Kc3 66. Rf8 Ra4 67. Ra8 Ra2+ 68. Kg1 Kb4 69. Rf8 Rc2 70. Rxf4+ Rc4 71. Rf8
a4 72. Rb8+ Kc3 73. Rd8 Kb3 74. Kf2 a3 75. Ke3 a2 76. Rb8+ Rb4 0-1

[Event "6. Torneo Distrito Chamartin 2017"]
[Site "Madrid ESP"]
[Date "2017.09.09"]
[Round "8.26"]
[White "Bellagamba, Pascal"]
[Black "Camarero Izquierdo, Juan Carlos"]
[Result "0-1"]
[WhiteElo "1652"]
[BlackElo "1844"]
[PlyCount "60"]
[EventDate "2017.09.04"]
[EventType "swiss"]
[EventRounds "9"]
[EventCountry "ESP"]
[SourceTitle "Ajedrez en Madrid"]
[Source "lmi"]
[SourceDate "2017.09.04"]
[SourceVersion "1"]
[SourceVersionDate "2018.03.05"]
[SourceQuality "1"]

1. e4 c5 2. Nc3 d6 3. g3 e6 4. Bg2 Nc6 5. d3 a6 6. a4 Nf6 7. Nf3 Be7 8. O-O O-O
9. Bd2 Qc7 10. h3 Bd7 11. Re1 Rfc8 12. Bf4 e5 13. Be3 Nd4 14. b3 b5 15. axb5
axb5 16. Kh2 b4 17. Rxa8 Rxa8 18. Nd5 Nxd5 19. exd5 Nb5 20. Bd2 Ra2 21. Re2 Qa7
22. Qc1 Ra1 23. Qb2 Bf6 24. Bg5 Bxg5 25. Nxg5 Nc3 26. Be4 Rb1 27. Bxh7+ Kh8 28.
Re4 f6 29. Nf7+ Kxh7 30. Rh4+ Kg8 0-1